000 00492nam a2200181 4500
003 LK-CoMWRAF
005 20231103144134.0
008 230902b2002 |||||||| |||| 00| 0 eng d
020 _a8178981122
040 _aLK-CoMWRAF
_dLK-CoMWRAF
_eLK-CoMWRAF
041 _aeng
082 _a823
_bKHA
100 _aKhan, Saniyasnain
245 _aThe Pious man and his sons :
_bQuran stories for little hearts
260 _aNew Delhi :
_bGoodword books
_c2002
650 _aChild stories
942 _cBK
999 _c3377
_d3377